Все для фронта! Свердловская областная организация КПСС в годы Великой Отечественной войны (1941-1945) : документы и материалы

Dettagli Bibliografici
Altri autori: Скробов В. С. (редактор)
Riassunto:40-летию Победы в Великой Отечественной войне
Lingua:russo
Pubblicazione: Свердловск, Средне-Уральское кн. изд-во, 1985
Soggetti:
Natura: MixedMaterials Libro
KOHA link:https://koha.lib.tpu.ru/cgi-bin/koha/opac-detail.pl?biblionumber=285314

MARC

LEADER 00000nam0a2200000 4500
001 285314
005 20231101235801.0
020 |a RU  |b 85-19381 
035 |a (RuTPU)RU\TPU\book\309549 
090 |a 285314 
100 |a 20150224d1985 m y0rusy5003 ca 
101 0 |a rus 
102 |a RU 
105 |a a z 001zy 
200 1 |a Все для фронта! Свердловская областная организация КПСС в годы Великой Отечественной войны (1941-1945) : документы и материалы  |f под ред. В. С. Скробова 
210 |a Свердловск  |c Средне-Уральское кн. изд-во  |d 1985 
215 |a 383 с.  |c 8 л. ил. 
300 |a 40-летию Победы в Великой Отечественной войне 
320 |a Указ.: с. 369-382 
606 1 |a КПСС  |x История  |x Период Великой Отечественной войнв 1941-1945 г. г.  |2 stltpush  |3 (RuTPU)RU\TPU\subj\75261  |9 87107 
606 1 |a Партийные организации и их работа  |x Республики  |x Края  |x Области  |2 stltpush  |3 (RuTPU)RU\TPU\subj\48345  |9 67217 
610 1 |a Коммунистическая партия Советского Союза 
610 1 |a 20 век 
610 1 |a партийные организации 
610 1 |a тыл 
610 1 |a партийная деятельность 
610 1 |a трудящиеся 
610 1 |a Свердловская область 
686 |a Ф61(2)272.2  |2 rubbk 
686 |a Ф61(2Р36)  |2 rubbk 
702 1 |a Скробов  |b В. С.  |4 340 
801 0 |a RU  |b RuMRKP  |c 19950704  |g psbo 
801 1 |a RU  |b 63413507  |c 20150224 
801 2 |a RU  |b 63413507  |c 20171212  |g RCR 
942 |c BK